000 00571nam a2200205 a 4500
001 66441
003 BD-RjUL
005 20211209081537.0
008 170316s1954 xx a 1 eng
035 _a(BD-RjUL)66571
040 _aDLC
_cFM
_dBD-RjUL
_beng
041 _aeng
082 _a797.124
_223
_bBRD 1954
100 1 _aBruce, Erroll
_9196622
245 1 0 _aDeep sea sailing /
_cErroll Bruce
260 _aNew York :
_bHutchinson's Scientific and Technical Publications,
_c1954
300 _a244 p. :
_bill. ;
_c24 cm.
650 0 _aSailing
_955965
942 _2ddc
_cBK
999 _c66441
_d66441